49 Premier League clubs Quiz Stats

 Plays Quiz not verified by Sporcle

Challenge
Share
Tweet
Embed
Score 0/49 Timer 10:00
0 Plays Today
Club % Correct
Arsenal
96.1%
Manchester United
93.6%
Liverpool
93.1%
Manchester City
92.9%
Chelsea
92.8%
Aston Villa
90.9%
Everton
89.9%
Sunderland
88.1%
Newcastle United
87.2%
Tottenham
86.1%
West Ham
83.6%
Leeds United
83.1%
West Brom
82.5%
Southampton
80.2%
Bournemouth
80%
Blackburn rovers
79.9%
Birmingham City
78.3%
Burnley
77.7%
Hull City
77.4%
Swansea City
77%
Leicester City
76.7%
Crystal Palace
75.9%
Middlesbrough
75.5%
Brighton
75.2%
Fulham
75%
Club % Correct
Sheffield Wednesday
74.9%
Norwich City
74.4%
Stoke City
74.1%
Sheffield United
73.6%
Portsmouth
73%
Huddersfield Town
71.4%
Cardiff City
70.7%
Bolton Wanderers
70.1%
Bradford City
69.9%
Derby County
69.7%
Blackpool
69.5%
Watford
68.1%
Wolves
68%
Barnsley
66.9%
Reading
66.4%
Ipswich Town
65.7%
Nottingham Forest
64.9%
QPR
64.7%
Wigan Athletic
64.1%
Charlton
59.7%
Coventry City
55.5%
Wimbledon
52.9%
Swindon Town
49.5%
Oldham Athletic
43.3%

You're not logged in!

Compare scores with friends on all Sporcle quizzes.
Join for Free
OR
Log In

You Might Also Like...

Show Comments

Extras

Top Quizzes Today


Score Distribution

Your Account Isn't Verified!

In order to create a playlist on Sporcle, you need to verify the email address you used during registration. Go to your Sporcle Settings to finish the process.

Report this User

Report this user for behavior that violates our Community Guidelines.

Details: